[Event "Adelaide Interclub-B"]
[Site "Adelaide"]
[Date "2010.06.15"]
[Round "7.2"]
[White "Mayo, Elee"]
[Black "Wedding, William"]
[Result "0-1"]
[WhiteElo "1039"]
[BlackElo "1403"]
[PlyCount "66"]
[EventDate "2010.05.04"]
[EventType "team-tourn"]
[EventRounds "9"]
[EventCountry "AUS"]
[SourceTitle "EXT 2023"]
[Source "ChessBase"]
[SourceDate "2022.10.05"]
[SourceVersion "1"]
[SourceVersionDate "2022.10.05"]
[SourceQuality "1"]

1. d4 Nf6 2. Bg5 Ne4 3. Bf4 d5 4. c4 e6 5. a3 Bd6 6. Bxd6 Qxd6 7. Nc3 0-0 8. Nf3 Nxc3 9. bxc3 dxc4 10. e4 b5 11. Be2 Bb7 12. Qc2 Qf4 13. Nd2 f5 14. Bf3 fxe4 15. Nxe4 Bd5 16. 0-0 Nd7 17. Rae1 Rae8 18. Nd2 c5 19. Bxd5 exd5 20. Nf3 g5 21. h3 g4 22. hxg4 Qxg4 23. Ne5 Nxe5 24. dxe5 Re6 25. Re3 Kh8 26. Rfe1 d4 27. Re4 Rf4 28. g3 Rxe4 29. Rxe4 d3 30. Qd2 Qxe4 31. f4 Rh6 32. Kf1 Qf3+ 33. Qf2 Rh1# 0-1

[Event "AUS-ch U18 Girls"]
[Site "Adelaide"]
[Date "2009.01.04"]
[Round "3"]
[White "Mayo, Elee"]
[Black "Horton, Nina"]
[Result "1-0"]
[WhiteElo "992"]
[BlackElo "991"]
[PlyCount "59"]
[EventDate "2009.01.02"]
[EventType "swiss"]
[EventRounds "11"]
[EventCountry "AUS"]
[SourceTitle "CBM 128 Extra"]
[Source "ChessBase"]
[SourceDate "2009.03.05"]
[SourceVersion "2"]
[SourceVersionDate "2009.03.25"]
[SourceQuality "1"]

1. e4 e5 2. Nf3 Nf6 3. Nxe5 d6 4. Nf3 Nxe4 5. d4 d5 6. Bd3 Bg4 7. Qe2 Qe7 8. 0-0 g6 9. Re1 Bf5 10. c4 c6 11. Nc3 Nxc3 12. Qxe7+ Bxe7 13. Bxf5 gxf5 14. bxc3 Kd7 15. Ne5+ Ke6 16. Ng6+ Kf6 17. Nxh8 Nd7 18. Bg5+ Kxg5 19. Rxe7 Rxh8 20. Rxd7 dxc4 21. Rxb7 Ra8 22. Rxf7 h6 23. Re1 Kg6 24. Rfe7 a5 25. R1e6+ Kg5 26. Rg7+ Kh5 27. f3 Ra6 28. g4+ fxg4 29. fxg4+ Kh4 30. Rxh6# 1-0

[Event "AUS-ch U18 Girls"]
[Site "Adelaide"]
[Date "2009.01.03"]
[Round "2"]
[White "Oliver, Tamzin Louise"]
[Black "Mayo, Elee"]
[Result "1-0"]
[WhiteElo "1459"]
[BlackElo "992"]
[PlyCount "117"]
[EventDate "2009.01.02"]
[EventType "swiss"]
[EventRounds "11"]
[EventCountry "AUS"]
[SourceTitle "CBM 128 Extra"]
[Source "ChessBase"]
[SourceDate "2009.03.05"]
[SourceVersion "2"]
[SourceVersionDate "2009.03.25"]
[SourceQuality "1"]

1. e4 d5 2. exd5 Qxd5 3. Nc3 Qa5 4. d4 c6 5. Nf3 Nf6 6. Bd2 Qc7 7. Bc4 Bf5 8. 0-0 Nbd7 9. Be3 e6 10. h3 0-0-0 11. Bd3 g6 12. Qe2 Bd6 13. Ng5 Nb6 14. Nge4 Nxe4 15. Nxe4 Nd5 16. c4 Nxe3 17. fxe3 Rhg8 18. c5 Be7 19. Nf2 Qg3 20. Nh1 Qh4 21. Nf2 g5 22. Bxf5 exf5 23. Qf3 f4 24. Qe4 Rde8 25. Qf5+ Kb8 26. exf4 gxf4 27. Rae1 Qg3 28. Ng4 Bh4 29. Rxe8+ Rxe8 30. Qxf4+ Qxf4 31. Rxf4 Re1+ 32. Rf1 Rxf1+ 33. Kxf1 Kc7 34. Ke2 b6 35. Kd3 Kd8 36. Ne5 Kc7 37. cxb6+ axb6 38. Nxf7 Bf6 39. b3 Kd7 40. Ne5+ Kd6 41. Ke4 c5 42. dxc5+ bxc5 43. Nc4+ Ke6 44. g4 Bg5 45. Na5 Kf6 46. Kd5 Bh6 47. Kxc5 Kg5 48. b4 Kh4 49. b5 Kxh3 50. b6 Bf4 51. g5 Kg4 52. g6 hxg6 53. Nc6 Kf3 54. Nd4+ Ke4 55. Ne6 Be3+ 56. Kc6 Bxb6 57. Kxb6 Ke5 58. Ng5 Kf5 59. Nh7 1-0

[Event "Adelaide Interclub-B"]
[Site "Adelaide"]
[Date "2008.05.06"]
[Round "2.3"]
[White "Mayo, Elee"]
[Black "Horan, Paul"]
[Result "0-1"]
[WhiteElo "670"]
[BlackElo "728"]
[PlyCount "38"]
[EventDate "2008.04.29"]
[EventType "team-tourn"]
[EventRounds "9"]
[EventCountry "AUS"]
[SourceTitle "EXT 2010"]
[Source "ChessBase"]
[SourceDate "2010.11.25"]
[SourceVersion "1"]
[SourceVersionDate "2010.11.25"]
[SourceQuality "1"]

1. e4 e5 2. Nf3 Nc6 3. Bb5 Bc5 4. 0-0 d6 5. c3 Nf6 6. Re1 Ng4 7. d4 exd4 8. cxd4 Bb4 9. Re2 a6 10. Qa4 Rb8 11. Bxc6+ bxc6 12. a3 Bd7 13. axb4 c5 14. Qxa6 Bb5 15. Qa2 Bxe2 16. Ng5 0-0 17. bxc5 Ra8 18. Ne6 Rxa2 19. Nxd8 Rxa1 0-1

[Event "AUS-ch U12 Girls"]
[Site "Canberra"]
[Date "2007.01.18"]
[Round "4"]
[White "Mayo, Elee"]
[Black "Spooner, Isabelle"]
[Result "1-0"]
[WhiteElo "484"]
[BlackElo "196"]
[PlyCount "57"]
[EventDate "2007.01.14"]
[EventType "swiss"]
[EventRounds "11"]
[EventCountry "AUS"]
[SourceTitle "EXT 2008"]
[Source "ChessBase"]
[SourceDate "2007.11.25"]
[SourceVersion "1"]
[SourceVersionDate "2007.11.25"]
[SourceQuality "1"]

1. e4 d5 2. exd5 Qxd5 3. Nc3 Qa5 4. d4 Nf6 5. Nf3 c6 6. Bd3 Bg4 7. 0-0 e6 8. Be2 Bd6 9. Ne5 Bxe2 10. Qxe2 Bxe5 11. dxe5 Nd5 12. Ne4 Nd7 13. Nd6+ Ke7 14. Bg5+ f6 15. Bh4 Nf4 16. Qe4 Ng6 17. Nc4 Qc5 18. exf6+ gxf6 19. Rfe1 b5 20. Qxe6+ Kd8 21. Rad1 Kc8 22. Qxd7+ Kb8 23. Bg3+ Ne5 24. Nxe5 fxe5 25. Bxe5+ Qxe5 26. Rxe5 a6 27. Rde1 Ra7 28. Re8+ Rxe8 29. Rxe8# 1-0

[Event "AUS-ch U12 Girls"]
[Site "Canberra"]
[Date "2007.01.16"]
[Round "3"]
[White "Koh, Clarise"]
[Black "Mayo, Elee"]
[Result "1-0"]
[WhiteElo "784"]
[BlackElo "484"]
[PlyCount "69"]
[EventDate "2007.01.14"]
[EventType "swiss"]
[EventRounds "11"]
[EventCountry "AUS"]
[SourceTitle "EXT 2008"]
[Source "ChessBase"]
[SourceDate "2007.11.25"]
[SourceVersion "1"]
[SourceVersionDate "2007.11.25"]
[SourceQuality "1"]

1. e4 d5 2. exd5 Nf6 3. Nc3 Nxd5 4. Nxd5 Qxd5 5. Nf3 Nc6 6. d4 Bg4 7. Be2 g6 8. h3 Bf5 9. 0-0 Bg7 10. c3 0-0-0 11. Be3 e5 12. dxe5 Nxe5 13. Nxe5 Bxe5 14. Qxd5 Rxd5 15. Rad1 Rxd1 16. Rxd1 a6 17. f4 Bf6 18. g4 Bd7 19. Bd4 Bxd4+ 20. Rxd4 h5 21. gxh5 gxh5 22. h4 Bg4 23. Kf2 Rd8 24. Bxg4+ hxg4 25. Rxd8+ Kxd8 26. f5 Ke7 27. Kg3 Kf6 28. Kxg4 Kg7 29. Kh5 Kf6 30. Kh6 Kxf5 31. b4 b5 32. Kg7 Ke6 33. h5 Kf5 34. h6 Kg5 35. h7 1-0